Modelling longitudinal and spatially correlated data /

Guardado en:
Otros Autores: Gregoire, T. G. (Editor )
Formato: Libro
Idioma:English
Publicado: New York : Springer, c1997.
Series:Lecture notes in statistics (Springer-Verlag) ; v. 122.
Etiquetas: Agregar Etiqueta
Sin Etiquetas, Sea el primero en etiquetar este registro!
LEADER 00805nam a22002055a 4500
001 MAT.inmabb000102
008 970221s1997####nyu###########000#0#eng##
005 20160413122730.0
245 0 0 |a Modelling longitudinal and spatially correlated data /  |c Timothy G. Gregoire, David R. Brillinger, Peter J. Diggle, Estelle Russek-Cohen, William G. Warren, Russell D. Wolfinger (editors). 
260 |a New York :  |b Springer,  |c c1997. 
300 |a x, 402 p. ;  |c 24 cm. 
490 1 |a Lecture notes in statistics ;  |v 122 
504 |a Includes bibliographical references. 
510 4 |a MR,  |c 98h:62003 
020 |a 0387982167 
700 1 |a Gregoire, T. G.  |4 edt 
830 0 |a Lecture notes in statistics (Springer-Verlag) ;  |v v. 122. 
084 |a 62-06  |2 msc2000 
010 |a  97009855  
859 |h 62  |i M689  |p A-7804  |b BIB. MATEMATICA